Trade unions

Na minha lista:
Detalhes bibliográficos
Autor principal: Flanders, Allan D.
Formato: Livro
Idioma:Undetermined
Publicado em: London Hutchinson 1968
Assuntos:
Tags: Adicionar Tag
Sem tags, seja o primeiro a adicionar uma tag!
Thư viện lưu trữ: Trung tâm Học liệu Trường Đại học Cần Thơ
LEADER 00456nam a2200181Ia 4500
001 CTU_79195
008 210402s9999 xx 000 0 und d
082 |a 331.88 
082 |b F584 
100 |a Flanders, Allan D. 
245 0 |a Trade unions 
245 0 |c Allan D. Flanders 
260 |a London 
260 |b Hutchinson 
260 |c 1968 
650 |a Labor unions 
650 |z Great Britain 
980 |a Trung tâm Học liệu Trường Đại học Cần Thơ